Muscles of the shoulder region - Statistics

General Stats
  • This quiz has been taken 103 times
  • The average score is 9 of 14
Answer Stats
Picture Answer % Correct
Trapezius
91%
Deltoid
88%
Latissimus Dorsi
83%
Pectoralis Major
78%
Pectoralis Minor
72%
Infraspinatus
71%
Supraspinatus
71%
Teres Major
71%
Teres Minor
71%
Subscapularis
66%
Serratus Anterior
64%
Levator Scapulae
40%
Rhomboid Major
40%
Rhomboid Minor
36%
No matching quizzes found
Score Distribution
Percent of People with Each Score
Percentile by Number Answered
Your Score History
You have not taken this quiz